000 00238nam a2200109Ia 4500
005 20251222141909.0
008 251222s9999||||xx |||||||||||||| ||spa||
082 _a415/P43
245 0 _aCon Nombre Propio
264 _bPromudeh
942 _cLIB
999 _c8336
_d8336